000 00615nam a2200265Ia 4500
005 20260121165930.0
008 008 260114s9999 xx 000 0 eng d
020 _a9789463004503
037 _aEBOOK
040 _aCRL
040 _beng
040 _cCRL
041 _2eng
041 _aeng
084 _qCRL
100 _aCheryl E. Matias
_91057771
245 0 _aFeeling White
260 _bSpringer
260 _bSpringer
260 _c2016
856 _uhttps://link.springer.com/openurl?genre=book&isbn=978-94-6300-450-3
942 _cEBOOK
999 _c1623500
_d1623500